Full life : (Record no. 7620)

MARC details
000 -LEADER
fixed length control field 00443nam a22001457a 4500
003 - CONTROL NUMBER IDENTIFIER
control field GBCCL
005 - DATE AND TIME OF LATEST TRANSACTION
control field 20241126110632.0
008 - FIXED-LENGTH DATA ELEMENTS--GENERAL INFORMATION
fixed length control field 180904b ||||| |||| 00| 0 eng d
040 ## - CATALOGING SOURCE
Transcribing agency gbc
082 ## - DEWEY DECIMAL CLASSIFICATION NUMBER
Classification number 220.07
Item number UND
245 ## - TITLE STATEMENT
Title Full life :
Remainder of title Understanding the fullness of life in Christ, a compilation of articles for spirit-filled Christians/
Statement of responsibility, etc. edited by Donald C. Stamps
300 ## - PHYSICAL DESCRIPTION
Extent 189p. ;
650 ## - SUBJECT ADDED ENTRY--TOPICAL TERM
Topical term or geographic name entry element Bible
Form subdivision study
9 (RLIN) 2583
942 ## - ADDED ENTRY ELEMENTS (KOHA)
Source of classification or shelving scheme Dewey Decimal Classification
Koha item type Books
Holdings
Withdrawn status Lost status Source of classification or shelving scheme Damaged status Not for loan Home library Current Library Shelving location Date acquired Total checkouts Full call number Barcode Date last seen Date last checked out Copy number Price effective from Koha item type
    Dewey Decimal Classification     GRACE BIBLE COLLEGE GRACE BIBLE COLLEGE Biblical Studies 2018-09-04 1 220.07 UND 003364 2025-08-14 2025-08-11 c.1 2018-09-04 Books
    Dewey Decimal Classification     GRACE BIBLE COLLEGE GRACE BIBLE COLLEGE Biblical Studies 2018-09-04   220.07 UND 003365 2025-05-01   c.2 2018-09-04 Books
© Grace Bible College Library 2025